Vật lí 12 nâng cao

Sách giới thiệu động lực học vật rắn, dao động cơ, sóng cơ, dao động và sóng điện từ, dòng điện xoay chiều,...

Đã lưu trong:
书目详细资料
主要作者: Nguyễn, Thế Khôi
格式: 图书
语言:Undetermined
出版: Hà Nội Giáo dục Việt Nam 2020
主题:
标签: 添加标签
没有标签, 成为第一个标记此记录!
Thư viện lưu trữ: Trung tâm Học liệu Trường Đại học Cần Thơ
LEADER 00831nam a2200217Ia 4500
001 CTU_236637
008 210402s9999 xx 000 0 und d
020 |c 25000 
082 |a 530.0712 
082 |b Kh452 
100 |a Nguyễn, Thế Khôi 
245 0 |a Vật lí 12 nâng cao 
245 0 |c Nguyễn Thế Khôi (Tổng chủ biên) 
260 |a Hà Nội 
260 |b Giáo dục Việt Nam 
260 |c 2020 
520 |a Sách giới thiệu động lực học vật rắn, dao động cơ, sóng cơ, dao động và sóng điện từ, dòng điện xoay chiều,... 
650 |a Physics,Vật lí 
650 |x Study and teaching (Sacondary),Dạy và học (Trung học) 
904 |i Hải 
980 |a Trung tâm Học liệu Trường Đại học Cần Thơ